Addict With a Pen - Twenty One Pilots Lyrics - Statistics

General Stats
  • This quiz has been taken 51 times
  • The average score is 252 of 281
Answer Stats
Lyrics % Correct
a
100%
a
100%
a
100%
a
100%
a
100%
a
100%
a
100%
be
100%
bein'
100%
best
100%
best
100%
best
100%
drop
100%
drop
100%
drop
100%
drop
100%
found
100%
found
100%
found
100%
found
100%
have
100%
haven't
100%
haven't
100%
haven't
100%
haven't
100%
haven't
100%
haven't
100%
haven't
100%
haven't
100%
I
100%
I
100%
I
100%
I
100%
I
100%
I
100%
Verse 1 I
100%
I
100%
I
100%
I
100%
I
100%
I
100%
I
100%
I
100%
I
100%
I
100%
in
100%
in
100%
in
100%
in
100%
in
100%
in
100%
life
100%
me
100%
me
100%
me
100%
me
100%
me
100%
my
100%
my
100%
my
100%
my
100%
my
100%
My
100%
of
100%
of
100%
of
100%
of
100%
of
100%
of
100%
of
100%
Of
100%
of
100%
of
100%
of
100%
the
100%
the
100%
the
100%
the
100%
the
100%
the
100%
the
100%
The
100%
the
100%
the
100%
the
100%
the
100%
water
100%
Refrain Water
100%
water
100%
water
100%
water
100%
water
100%
Refrain Water
100%
you
100%
you
100%
you
100%
a
96%
a
96%
a
96%
a
96%
an
96%
been
96%
been
96%
been
96%
been
96%
drop
96%
drop
96%
drop
96%
drop
96%
found
96%
found
96%
found
96%
found
96%
haven't
96%
haven't
96%
haven't
96%
haven't
96%
Chorus Hello,
96%
Hello,
96%
Chorus Hello,
96%
Hello,
96%
I,
96%
I
96%
I
96%
I
96%
I
96%
in
96%
in
96%
it
96%
it
96%
life
96%
my
96%
of
96%
of
96%
of
96%
of
96%
quite
96%
quite
96%
so
96%
some
96%
some
96%
the
96%
time
96%
time
96%
water
96%
we
96%
you
96%
you
96%
And
92%
and
92%
And
92%
and
92%
and
92%
and
92%
and
92%
And
92%
As
92%
As
92%
As
92%
as
92%
as
92%
know
92%
know
92%
mind
92%
no
92%
talked
92%
talked
92%
to
92%
to
92%
to
92%
to
92%
try
92%
try
92%
with
92%
with
92%
addict
88%
again
88%
again,
88%
And
88%
But
88%
but
88%
But
88%
hand
88%
hand
88%
hold
88%
Hold
88%
I'm
88%
I'm
88%
I'm
88%
it's
88%
it's
88%
it's
88%
I've
88%
I've
88%
mind
88%
palm
88%
pen
88%
run
88%
sand
88%
sand
88%
through
88%
But
84%
Cause
84%
deserts
84%
dramatic
84%
fact,
84%
hear
84%
nothing
84%
travelin'
84%
waves
84%
all
80%
all
80%
all
80%
at
80%
deserts
80%
how,
80%
how
80%
left
80%
need
80%
only
80%
onto
80%
sons
80%
sons
80%
that
80%
that
80%
that
80%
travelin'
80%
what's
80%
desperately
76%
drain
76%
"Father!"
76%
just
76%
matter
76%
mean
76%
Oh
76%
oh
76%
Oh
76%
screamin',
76%
strain
76%
tightly
76%
tightly
76%
will
76%
will
76%
will
76%
addicted
72%
back
72%
can
72%
denial
72%
down
72%
head-case
72%
just
72%
slow
72%
suicidal
72%
was
72%
course
68%
crazy,
68%
end
68%
forth,
68%
here
68%
here
68%
I'll
68%
spineless,
68%
today
68%
blows
64%
dyin',
64%
End
64%
pretend
64%
see
64%
specialize
64%
tomorrow,
64%
who's
64%
your
64%
trial
60%
walking
60%
wind
60%
wash
56%
ways
56%
cryin',
52%
lyin'
52%
filed
48%
mindless,
32%
No matching quizzes found
Score Distribution
Percent of People with Each Score
Percentile by Number Answered
Your Score History
You have not taken this quiz